000 00403nam a22001577a 4500
999 _c8682
_d8682
003 OSt
008 200702b ||||| |||| 00| 0 eng d
020 _a9789386353986
100 _a K. G. Bothara
245 _aPharmaceutical Inorganic Chemistry
250 _a4th
260 _aNew Delhi
_bNirali Prakashan
_c2019
300 _aMISC
650 _aPharmaceutical Inorganic Chemisty
942 _2ddc
_cBK
_028